Paroles chanson Disney - Honneur à Tous - Statistiques

Statistiques générales
  • Ce quiz a été pris 357 fois
  • Le résultat moyen est 174 sur 249
Statistiques - réponses
Paroles % Correct
à
99%
t'
98%
C'
97%
l'
97%
L'
97%
n'
97%
s'
97%
d'
96%
j'
96%
Le
96%
de
95%
es
95%
Ma
95%
ma
95%
Fa,
94%
Je
94%
je
94%
pas
94%
Pas
94%
ai
93%
ne
93%
Tu
93%
tu
93%
faire
92%
moi,
91%
des
90%
honneur
90%
honneur.
90%
honneur...
90%
plus
90%
89%
la
89%
Là !
89%
Mais,
88%
cochonnette,
87%
toi
87%
vais
87%
En
86%
en
86%
se
86%
très
86%
crois
85%
et
85%
les
85%
Les
85%
mignonette !
85%
pire.
85%
nette
84%
nous,
84%
nous
84%
Nous
84%
un
84%
vu
84%
marie...
83%
tout,
83%
famille
82%
mon
80%
Mon
80%
pur
80%
ta
80%
fille
79%
ce
78%
combleras
78%
Pour
78%
pour
78%
te
78%
une
77%
Une
77%
est
73%
avec
72%
Avec
72%
briller
71%
femmes
69%
hommes
69%
Quand
69%
battant,
68%
bien
68%
frotter,
68%
père
67%
Si
67%
dois
66%
enfantant !
66%
faux
66%
seul
66%
Avant
65%
bon
65%
dans
65%
marier
65%
Savonner,
65%
son
65%
toute
65%
garçons
64%
Aidez
63%
aiment
63%
filles
62%
grâce
62%
parti
62%
taille
62%
tous
62%
verras,
62%
chou
61%
criquet
61%
erreur !
61%
esprit
61%
rendra
61%
goût,
60%
qui
60%
Qui
60%
tant
60%
agile
59%
beauté !
59%
Chers
59%
décevais
59%
Huns,
59%
jade,
59%
rincer
59%
Empereur
58%
interdit
58%
chez
57%
Elle
56%
coiffant
55%
fous
55%
gagne
55%
garde
55%
marieuse
55%
allons
54%
calmes,
54%
ces
54%
partie !
54%
Porte-bonheur
54%
devons
53%
finale,
52%
pomme
52%
servir
52%
Touche
52%
apprécie
51%
dociles,
51%
Trouvant
51%
collier !
49%
fièrement
48%
encore !
47%
perdrait
47%
sérénité
47%
équilibre
46%
instantanée
46%
parer
46%
gracile
45%
Chine
43%
fines
42%
Pierres
41%
poupées
41%
subtiles,
39%
terreur
36%
jolies
35%
peau
33%
exquise !
32%
bouche
31%
Fleur
31%
affreuse
30%
bonheur !
29%
feras
29%
idéale
29%
recette
29%
épouse
28%
Apporte
27%
Destinée,
27%
opaline
27%
cœurs
24%
leurs
24%
caline
23%
offrir
23%
viennent
23%
du
22%
sois
21%
fatale
19%
saphyrs.
19%
aux
15%
Affligées
14%
Lotus
13%
opales
13%
reflets
13%
Monshu
11%
Mandarines
10%
ancêtress !
3%
Aucun quiz correspondant
Distribution des résultats
% des personnes avec chaque résultat
Percentile par nombre de réponses
Votre historique - résultats
Vous n’avez pas pris ce quiz